<?xml version="1.0" encoding="UTF-8"?><?xml-stylesheet type="text/xsl" href="static/style.xsl"?><OAI-PMH xmlns="http://www.openarchives.org/OAI/2.0/" xmlns:xsi="http://www.w3.org/2001/XMLSchema-instance" xsi:schemaLocation="http://www.openarchives.org/OAI/2.0/ http://www.openarchives.org/OAI/2.0/OAI-PMH.xsd"><responseDate>2026-06-01T18:18:39Z</responseDate><request verb="GetRecord" identifier="oai:riubu.ubu.es:10259/8782" metadataPrefix="marc">https://riubu.ubu.es/oai/request</request><GetRecord><record><header><identifier>oai:riubu.ubu.es:10259/8782</identifier><datestamp>2024-03-09T01:05:28Z</datestamp><setSpec>com_10259_4219</setSpec><setSpec>com_10259_5086</setSpec><setSpec>com_10259_2604</setSpec><setSpec>col_10259_4220</setSpec></header><metadata><record xmlns="http://www.loc.gov/MARC21/slim" xmlns:doc="http://www.lyncode.com/xoai" xmlns:xsi="http://www.w3.org/2001/XMLSchema-instance" xmlns:dcterms="http://purl.org/dc/terms/" xsi:schemaLocation="http://www.loc.gov/MARC21/slim http://www.loc.gov/standards/marcxml/schema/MARC21slim.xsd">
<leader>00925njm 22002777a 4500</leader>
<datafield tag="042" ind1=" " ind2=" ">
<subfield code="a">dc</subfield>
</datafield>
<datafield tag="720" ind1=" " ind2=" ">
<subfield code="a">Barroso Pérez, Mª Teresa</subfield>
<subfield code="e">author</subfield>
</datafield>
<datafield tag="720" ind1=" " ind2=" ">
<subfield code="a">Cubo Delgado, Esther</subfield>
<subfield code="e">author</subfield>
</datafield>
<datafield tag="720" ind1=" " ind2=" ">
<subfield code="a">Cordero Guevara, José</subfield>
<subfield code="e">author</subfield>
</datafield>
<datafield tag="720" ind1=" " ind2=" ">
<subfield code="a">Poza Maure, Estefanía</subfield>
<subfield code="e">author</subfield>
</datafield>
<datafield tag="720" ind1=" " ind2=" ">
<subfield code="a">Checa Díez, Lorena</subfield>
<subfield code="e">author</subfield>
</datafield>
<datafield tag="260" ind1=" " ind2=" ">
<subfield code="c">2017-09</subfield>
</datafield>
<datafield tag="520" ind1=" " ind2=" ">
<subfield code="a">Introducción. El síndrome de piernas inquietas (SPI) es un trastorno neurológico con una prevalencia de hasta un 15%,&#xd;
cuyo impacto sobre la calidad de vida resulta poco conocido.&#xd;
Objetivo. Analizar el impacto del síndrome de piernas inquietas (SPI) en la calidad de vida relacionada con la salud.&#xd;
Sujetos y métodos. Estudio descriptivo transversal. Se incluyó una muestra aleatoria, estratificada por edad, de 1.275 sujetos mayores de 18 años en el área urbana de Burgos, con las estimaciones de prevalencia, 10%; alfa, 5%; precisión, 3%;&#xd;
y pérdidas, 70%, usando un estudio en dos fases (cribado y confirmación diagnóstica de casos de SPI y no casos por un&#xd;
médico). Los datos clínicos y sociodemográficos se recogieron usando cuestionarios semiestructurados: European Quality&#xd;
of Life-5 Dimensions, Restless Legs Syndrome Quality of Life Questionnaire, escala de Epworth, escala de Goldberg, escala&#xd;
del sueño y cuestionario internacional del síndrome de piernas inquietas.&#xd;
Resultados. La prevalencia del SPI fue del 5,6% (IC 95%: 2,5-8,7%). El 79,4% de los casos eran mujeres; sólo el 7% tenía&#xd;
un diagnóstico previo de SPI. El dolor intenso, el insomnio y la depresión-ansiedad fueron más frecuentes en los pacientes&#xd;
con SPI que en los controles (p &lt; 0,001 en los tres casos). La calidad de vida entre los pacientes con SPI, especialmente en&#xd;
las mujeres, fue peor que en los controles (p &lt; 0,001). En el 11,7% de los casos, el SPI produjo dificultades para trabajar.&#xd;
Conclusiones. El SPI está asociado con ansiedad-depresión, con un significativo impacto en el sueño, en las relaciones sociales y laborales, y en la calidad de vida relacionada con la salud.</subfield>
</datafield>
<datafield tag="520" ind1=" " ind2=" ">
<subfield code="a">Introduction. Restless legs syndrome (RLS) is a neurological disorder with a prevalence of up to 15%, although little is&#xd;
known about its impact upon quality of life.&#xd;
Aim. To analyse the impact of RLS on health-related quality of life.&#xd;
Subjects and methods. A descriptive cross-sectional study. A random sample of 1,275 subjects over 18 years old, stratified&#xd;
by age, was taken from the urban area of Burgos, with an estimated prevalence, 10%; alpha, 5%; accuracy, 3%; and&#xd;
losses, 70%, using a two-phase study (screening and diagnosis of cases of RLS and non-cases confirmed by a doctor). The&#xd;
clinical and sociodemographic data were collected by means of semi-structured questionnaires, the European Quality of&#xd;
Life-5 Dimensions, the Restless Legs Syndrome Quality of Life Questionnaire, the Epworth Scale, the Goldberg Scale, the&#xd;
Sleep Scale and the International Restless Legs Syndrome Rating Scale.&#xd;
Results. The prevalence of RLS was 5.6% (CI 95%: 2.5-8.7%). Of the total number of cases, 79.4% were women and only&#xd;
7% had been previously diagnosed with RLS. Intense pain, insomnia and depression-anxiety were more frequent among&#xd;
the cases of RLS than in the controls (p &lt; 0.001 in the three cases). The quality of life among the cases of RLS, especially in&#xd;
women, was poorer than among the controls (p &lt; 0.001). For 11.7% of the cases, RLS made it difficult for the patients to work.&#xd;
Conclusions. RLS is associated with depression-anxiety, with a significant impact on sleep, on social and work relationships,&#xd;
and on the health-related quality of life.</subfield>
</datafield>
<datafield tag="024" ind2=" " ind1="8">
<subfield code="a">0210-0010</subfield>
</datafield>
<datafield tag="024" ind2=" " ind1="8">
<subfield code="a">http://hdl.handle.net/10259/8782</subfield>
</datafield>
<datafield tag="024" ind2=" " ind1="8">
<subfield code="a">10.33588/rn.6506.2016576</subfield>
</datafield>
<datafield ind1=" " ind2=" " tag="653">
<subfield code="a">Adultos</subfield>
</datafield>
<datafield ind1=" " ind2=" " tag="653">
<subfield code="a">Diagnóstico</subfield>
</datafield>
<datafield ind1=" " ind2=" " tag="653">
<subfield code="a">Epidemiología</subfield>
</datafield>
<datafield ind1=" " ind2=" " tag="653">
<subfield code="a">Etiología</subfield>
</datafield>
<datafield ind1=" " ind2=" " tag="653">
<subfield code="a">Síndrome de piernas inquietas</subfield>
</datafield>
<datafield ind1=" " ind2=" " tag="653">
<subfield code="a">Adults</subfield>
</datafield>
<datafield ind1=" " ind2=" " tag="653">
<subfield code="a">Diagnosis</subfield>
</datafield>
<datafield ind1=" " ind2=" " tag="653">
<subfield code="a">Epidemiology</subfield>
</datafield>
<datafield ind1=" " ind2=" " tag="653">
<subfield code="a">Etiology</subfield>
</datafield>
<datafield ind1=" " ind2=" " tag="653">
<subfield code="a">Restless legs syndrome</subfield>
</datafield>
<datafield tag="245" ind1="0" ind2="0">
<subfield code="a">Calidad de vida y características asociadas del síndrome de piernas inquietas en la población adulta de Burgos, España</subfield>
</datafield>
</record></metadata></record></GetRecord></OAI-PMH>